00517nam a2200169 450000500170000001000150001702000270003203500140005903700130007308200080008610000260009424500790012025000160019926000490021527000510026430000320031520220224144657.0 aENG-131786 a97899352833986c350.00 aEN-115318 bDBAD/PUB a518 aSengar, Santosh Kumar aComputer Based Numerical and Statistical Techniques/cSantosh Kumar Sengar a4th Edition aNew DelhibS Chand And Company Limitedc2019 a7361, Ram Nagar, Qutab RoadbNew Delhie110055 axvi,566p.bIndexc24cm(pbk)